| 000 | 00723nam a2200253 a 4500 | ||
|---|---|---|---|
| 001 | BRL_759 | ||
| 005 | 20190320210901.0 | ||
| 008 | 021013s1965----mx-ad#####---#000-0#spa-# | ||
| 041 | _aspa | ||
| 044 | _amx | ||
| 050 | 4 |
_aSB195 _b.W37 1965 |
|
| 100 | 1 |
_aWatson, Stephen J. _924857 |
|
| 245 | 1 | 0 |
_aEl ensilaje _cPor Stephen J. Watson y A. M. Smith ; traducido por Rodolfo Vera y Zapata. |
| 260 |
_aMéxico, D.F. _bEditorial Continental _c1965 |
||
| 300 |
_a183 p. _bil. _c24 cm. |
||
| 500 | _aAu853 | ||
| 500 | _aTraducción de: Silage. | ||
| 650 | 1 | 4 |
_aEnsilaje _924858 |
| 650 | 1 | 4 |
_aForraje _924859 |
| 700 | 1 |
_aSmith, A. M. _924860 |
|
| 700 | 1 |
_aVera y Zapata, Rodolfo _etr. _924861 |
|
| 902 | _aGRL | ||
| 942 |
_2lcc _cB |
||
| 999 |
_c9571 _d9571 |
||